00571cam a22002171 4500001001300000003000400013005001700017008004100034010001700075035002000092040001800112042001200130050001600142100005000158245003500208260001100243300001900254500001400273650004900287999001700336sa 63002659 DLC20260227111935.0891214s1962 ii 000 0 hino  asa 63002659  a(OCoLC)20783136 aDLCcWaUdDLC apremarc00aPK2042b.L31 aLāla, Lakshmī Nārāyaṇa,d1927-1987.10aĀdhunika Hindī kahānī. c[1962] a112 p.c19 cm. aIn Hindi. 0aShort stories, HindixHistory and criticism. c54590d54590